[Event "Liberec op 21st"]
[Site "Liberec"]
[Date "2022.02.08"]
[Round "4"]
[White "Bodwell Mamic, Tomislav"]
[Black "Peglau, Dora"]
[Result "1-0"]
[WhiteElo "1505"]
[BlackElo "1913"]
[PlyCount "89"]
[EventDate "2022.02.05"]
[EventType "swiss"]
[EventRounds "9"]
[EventCountry "CZE"]
[SourceTitle "EXT 2023"]
[Source "ChessBase"]
[SourceDate "2022.10.05"]
[SourceVersion "1"]
[SourceVersionDate "2022.10.05"]
[SourceQuality "1"]

1. e4 c5 2. Nf3 Nc6 3. d4 cxd4 4. Nxd4 Nf6 5. Nc3 d6 6. Bg5 e6 7. Qd2 Bd7 8. 0-0-0 a6 9. f4 b5 10. a3 Be7 11. Bxf6 gxf6 12. Nxc6 Bxc6 13. f5 e5 14. Nd5 h5 15. Be2 Rc8 16. Kb1 Bxd5 17. Qxd5 Qb6 18. Rhf1 Qa7 19. Rf3 Rc5 20. Qb3 Qb7 21. Rd5 h4 22. c4 Rxd5 23. exd5 Qa7 24. cxb5 Qg1+ 25. Qd1 Qxg2 26. bxa6 0-0 27. Qf1 Qg5 28. Rf2 Kh8 29. Rg2 Qe3 30. Qf3 Qxf3 31. Bxf3 Ra8 32. Be2 Kh7 33. b4 Bd8 34. Kb2 Bb6 35. a4 Be3 36. Rg4 Bg5 37. a5 Kg8 38. Rxg5+ fxg5 39. b5 Kf8 40. b6 Ke7 41. a7 Kd7 42. Bb5+ Kc8 43. Bc6 g4 44. b7+ Kc7 45. bxa8Q 1-0